00653nam a22001697a 450000500170000001000150001702000260003203500150005803700140007308200110008710000180009824501190011626000550023527000890029030000210037950000830040020181012114024.0 aENG-124258 c350.00a9789352807451 a EN-107790 bDBAD/PUB. a658.45 aStahl, Sandra aThe art and craft of PR:cby Sandra Stahlbcreating the mind set and skills to succeed in public realtions today / aNew DelhibSage Publications India Pvt. Ltd.c2018 aB1/I-1, Mohan Cooperative Industrial Area Mathura Road Post Bag 7bNew Delhie110044 a184p.c22cm(pbk) aIt includes resources, epilogue, notes and further reading and acknowledgement